000 00996nam a2200277 a 4500
001 000017161
005 20240307073946.0
008 100319s1992 dr ab 000 0 spa d
040 _aDO-SdBNP
_bspa
_cBNPHU
082 _axxx
_bU15m
100 1 _aUbiera, Angélica
_937788
245 1 0 _aManual de letras básicas /
_cAngélica Ubiera, Belén Capestany, Sulamita Puig.
250 _a3a ed.
260 _aSanto Domingo :
_bUASD,
_c1992.
300 _a210 p. :
_bil. ; map. ;
_c28 cm.
490 1 _aPublicaciones de la Universidad Autónoma de Santo Domingo
_v342
490 1 _aEducación y sociedad
_v24
500 _aIncluye notas al pie de páginas
504 _aIncluye bibliografías [p. 209-210]
700 1 _aCapestany, Belén
_937789
700 1 _aPuig, Sulamita
_937790
710 1 _aUniversidad Autónoma de Santo Domingo
_972951
830 0 _aPublicaciones de la Universidad Autónoma de Santo Domingo
_n342
_937791
830 0 _aEducación y sociedad
_n24
_937792
049 _aBNPD
999 _c16687
_d16687